Effect of silicone oil removal timing on functional and structural outcomes in primary rhegmatogenous retinal detachment / (Record no. 178850)
[ view plain ]
| 000 -LEADER | |
|---|---|
| fixed length control field | 03518namaa22004451i 4500 |
| 003 - CONTROL NUMBER IDENTIFIER | |
| control field | EG-GICUC |
| 005 - أخر تعامل مع التسجيلة | |
| control field | 20260311114656.0 |
| 008 - FIXED-LENGTH DATA ELEMENTS--GENERAL INFORMATION | |
| fixed length control field | 260303s2025 ua a|||frm||| 000 0 eng d |
| 040 ## - CATALOGING SOURCE | |
| Original cataloguing agency | EG-GICUC |
| Language of cataloging | eng |
| Transcribing agency | EG-GICUC |
| Modifying agency | EG-GICUC |
| Description conventions | rda |
| 041 0# - LANGUAGE CODE | |
| Language code of text/sound track or separate title | eng |
| Language code of summary or abstract | eng |
| -- | ara |
| 049 ## - Acquisition Source | |
| Acquisition Source | Deposit |
| 082 04 - DEWEY DECIMAL CLASSIFICATION NUMBER | |
| Classification number | 617.73 |
| 092 ## - LOCALLY ASSIGNED DEWEY CALL NUMBER (OCLC) | |
| Classification number | 617.73 |
| Edition number | 21 |
| 097 ## - Degree | |
| Degree | Ph.D |
| 099 ## - LOCAL FREE-TEXT CALL NUMBER (OCLC) | |
| Local Call Number | Cai01.11.24.Ph.D.2025.Ah.E |
| 100 0# - MAIN ENTRY--PERSONAL NAME | |
| Authority record control number or standard number | Ahmed Mohamed Youssef Ahmed Moussa, |
| Preparation | preparation. |
| 245 10 - TITLE STATEMENT | |
| Title | Effect of silicone oil removal timing on functional and structural outcomes in primary rhegmatogenous retinal detachment / |
| Statement of responsibility, etc. | by Ahmed Mohamed Youssef Ahmed Moussa ; Supervised Prof. Dr. Ayman Mohammed Ali Khattab, Prof. Dr. Abdussalam Mohsen Abdullatif, Dr. Hisham Ashraf Omar. |
| 246 15 - VARYING FORM OF TITLE | |
| Title proper/short title | تأثير توقيت ازالة السيليكون علي النتائج الوظيفية والهيكلية في انفصال الشبكية الاولى الناجم عن قطع الشبكية |
| 264 #0 - PRODUCTION, PUBLICATION, DISTRIBUTION, MANUFACTURE, AND COPYRIGHT NOTICE | |
| Date of production, publication, distribution, manufacture, or copyright notice | 2025. |
| 300 ## - PHYSICAL DESCRIPTION | |
| Extent | 99 pages : |
| Other physical details | illustrations ; |
| Dimensions | 25 cm. + |
| Accompanying material | CD. |
| 336 ## - CONTENT TYPE | |
| Content type term | text |
| Source | rda content |
| 337 ## - MEDIA TYPE | |
| Media type term | Unmediated |
| Source | rdamedia |
| 338 ## - CARRIER TYPE | |
| Carrier type term | volume |
| Source | rdacarrier |
| 502 ## - DISSERTATION NOTE | |
| Dissertation note | Thesis (Ph.D)-Cairo University, 2025. |
| 504 ## - BIBLIOGRAPHY, ETC. NOTE | |
| Bibliography, etc. note | Bibliography: pages 83-99. |
| 520 #3 - SUMMARY, ETC. | |
| Summary, etc. | The study aimed to compare early (2 months) vs. late (6 months) silicone oil removal in patients with primary rhegmatogenous retinal detachment. 62 patients were divided into two groups: Group A (2 months) and Group B (6 months). The study excluded patients with other eye diseases or systemic conditions. Results showed better retinal sensitivity in Group A, indicating better visual outcomes with early silicone oil removal, with no significant difference in post-operative complications. |
| 520 #3 - SUMMARY, ETC. | |
| Summary, etc. | هدفت الدراسة إلى مقارنة نتائج إزالة زيت السيليكون المبكر (بعد شهرين) والمتأخر (بعد 6 أشهر) لدى مرضى الانفصال الشبكي الرتجي الأولي. شملت الدراسة 62 مريضًا تم تقسيمهم إلى مجموعتين: الأولى (أ) خضعت لإزالة الزيت بعد شهرين، والثانية (ب) بعد 6 أشهر. استُبعِد المرضى الذين يعانون من أمراض عينية أو حالات صحية تؤثر على الرؤية. تهدف الدراسة إلى تقليل التحيز في اختيار الحالات الأكثر شدة. أظهرت النتائج أن المجموعة الأولى حققت حساسية شبكية أفضل مقارنةً بالمجموعة الثانية، بينما لم يظهر اختلاف في معدل المضاعفات بعد الجراحة. |
| 530 ## - ADDITIONAL PHYSICAL FORM AVAILABLE NOTE | |
| Issues CD | Issues also as CD. |
| 546 ## - LANGUAGE NOTE | |
| Text Language | Text in English and abstract in Arabic & English. |
| 650 #0 - SUBJECT ADDED ENTRY--TOPICAL TERM | |
| Topical term or geographic name entry element | Retinal Detachment |
| 650 #0 - SUBJECT ADDED ENTRY--TOPICAL TERM | |
| Topical term or geographic name entry element | انفصال الشبكية |
| 653 #1 - INDEX TERM--UNCONTROLLED | |
| Uncontrolled term | silicone oil |
| -- | rhegmatogenous retinal detachment |
| -- | visual outcomes |
| -- | post |
| -- | operative complications |
| -- | السيليكون |
| -- | الانفصال الشبكي الرتجي |
| 700 0# - ADDED ENTRY--PERSONAL NAME | |
| Personal name | Ayman Mohammed Ali Khattab |
| Relator term | thesis advisor. |
| 700 0# - ADDED ENTRY--PERSONAL NAME | |
| Personal name | Abdussalam Mohsen Abdullatif, |
| Relator term | thesis advisor. |
| 700 0# - ADDED ENTRY--PERSONAL NAME | |
| Personal name | Hisham Ashraf Omar |
| Relator term | thesis advisor. |
| 900 ## - Thesis Information | |
| Grant date | 01-01-2025 |
| Supervisory body | Ayman Mohammed Ali Khattab |
| -- | Abdussalam Mohsen Abdullatif |
| -- | Hisham Ashraf Omar |
| Universities | Cairo University |
| Faculties | Faculty of Medicine |
| Department | Department of Ophthalmology |
| 905 ## - Cataloger and Reviser Names | |
| Cataloger Name | Shimaa |
| Reviser Names | Eman Ghareb |
| 942 ## - ADDED ENTRY ELEMENTS (KOHA) | |
| Source of classification or shelving scheme | Dewey Decimal Classification |
| Koha item type | Thesis |
| Edition | 21 |
| Suppress in OPAC | No |
| Source of classification or shelving scheme | Home library | Current library | Date acquired | Inventory number | Full call number | Barcode | Date last seen | Effective from | Koha item type |
|---|---|---|---|---|---|---|---|---|---|
| Dewey Decimal Classification | المكتبة المركزبة الجديدة - جامعة القاهرة | قاعة الرسائل الجامعية - الدور الاول | 03.03.2026 | 93479 | Cai01.11.24.Ph.D.2025.Ah.E | 01010110093479000 | 03.03.2026 | 03.03.2026 | Thesis |